Cases and materials on international law / (Record no. 232885)
[ view plain ]
| 000 -LEADER | |
|---|---|
| fixed length control field | 02604nam a2200433 a 4500 |
| 001 - CONTROL NUMBER | |
| control field | 2844474 |
| 003 - CONTROL NUMBER IDENTIFIER | |
| control field | Nust |
| 005 - DATE AND TIME OF LATEST TRANSACTION | |
| control field | 20180117090024.0 |
| 008 - FIXED-LENGTH DATA ELEMENTS--GENERAL INFORMATION | |
| fixed length control field | 840806s1983 enk b 001 0 eng |
| 010 ## - LIBRARY OF CONGRESS CONTROL NUMBER | |
| LC control number | 84103297 |
| 020 ## - INTERNATIONAL STANDARD BOOK NUMBER | |
| International Standard Book Number | 0421292709 |
| 020 ## - INTERNATIONAL STANDARD BOOK NUMBER | |
| International Standard Book Number | 0421292806 (pbk.) |
| 040 ## - CATALOGING SOURCE | |
| Original cataloging agency | DLC |
| Transcribing agency | DLC |
| Modifying agency | DLC |
| 050 00 - LIBRARY OF CONGRESS CALL NUMBER | |
| Classification number | JX68 |
| Item number | .H33 1983 |
| 082 00 - DEWEY DECIMAL CLASSIFICATION NUMBER | |
| Classification number | 341/.0268 |
| Edition number | 19 |
| 100 1# - MAIN ENTRY--PERSONAL NAME | |
| Personal name | Harris, D. J. |
| Fuller form of name | (David John) |
| 245 10 - TITLE STATEMENT | |
| Title | Cases and materials on international law / |
| Statement of responsibility, etc. | D.J. Harris. |
| 250 ## - EDITION STATEMENT | |
| Edition statement | 6th ed. |
| 260 ## - PUBLICATION, DISTRIBUTION, ETC. | |
| Place of publication, distribution, etc. | Rawalpindi |
| Name of publisher, distributor, etc. | Sweet & Maxwell, |
| Date of publication, distribution, etc. | 1983. |
| 300 ## - PHYSICAL DESCRIPTION | |
| Extent | li, 810 p. ; |
| Dimensions | 26 cm. |
| 500 ## - GENERAL NOTE | |
| General note | "Charter of the United Nations": p. 748-770. |
| 500 ## - GENERAL NOTE | |
| General note | "Statute of the International Court of Justice": p. 770-780. |
| 504 ## - BIBLIOGRAPHY, ETC. NOTE | |
| Bibliography, etc. note | Includes bibliographical references and indexes. |
| 650 #0 - SUBJECT ADDED ENTRY--TOPICAL TERM | |
| Topical term or geographic name entry element | International law |
| General subdivision | Cases. |
| 710 2# - ADDED ENTRY--CORPORATE NAME | |
| Corporate name or jurisdiction name as entry element | United Nations. |
| Title of a work | Charter. |
| 710 2# - ADDED ENTRY--CORPORATE NAME | |
| Corporate name or jurisdiction name as entry element | International Court of Justice. |
| Title of a work | Statute. |
| 906 ## - LOCAL DATA ELEMENT F, LDF (RLIN) | |
| a | 7 |
| b | cbc |
| c | orignew |
| d | 3 |
| e | ncip |
| f | 19 |
| g | y-gencatlg |
| 942 ## - ADDED ENTRY ELEMENTS (KOHA) | |
| Source of classification or shelving scheme | |
| Koha item type | Book |
| Withdrawn status | Lost status | Source of classification or shelving scheme | Damaged status | Not for loan | Collection code | Permanent Location | Current Location | Shelving location | Date acquired | Full call number | Barcode | Date last seen | Price effective from | Koha item type | Total Checkouts | Total Renewals | Date last checked out |
|---|---|---|---|---|---|---|---|---|---|---|---|---|---|---|---|---|---|
| NUST Law School (NLS) | NUST Law School (NLS) | General Stacks | 02/24/2017 | 341/.0268 HAR | S3H-N-1425 | 02/24/2017 | 02/24/2017 | Book | |||||||||
| NUST Law School (NLS) | NUST Law School (NLS) | General Stacks | 02/24/2017 | 341/.0268 HAR | S3H-N-1427 | 02/24/2017 | 02/24/2017 | Book | |||||||||
| NUST Law School (NLS) | NUST Law School (NLS) | General Stacks | 02/24/2017 | 341/.0268 HAR | S3H-N-1426 | 06/05/2023 | 02/24/2017 | Book | 1 | 1 | 03/20/2023 | ||||||
| NUST Law School (NLS) | NUST Law School (NLS) | General Stacks | 02/24/2017 | 341/.0268 HAR | S3H-N-1429 | 02/24/2017 | 02/24/2017 | Book | |||||||||
| NUST Law School (NLS) | NUST Law School (NLS) | General Stacks | 02/24/2017 | 341/.0268 HAR | S3H-N-1430 | 12/28/2023 | 02/24/2017 | Book | 1 | 11/15/2023 | |||||||
| NUST Law School (NLS) | NUST Law School (NLS) | General Stacks | 02/24/2017 | 341/.0268 HAR | S3H-N-1423 | 02/24/2017 | 02/24/2017 | Book | |||||||||
| NUST Law School (NLS) | NUST Law School (NLS) | General Stacks | 02/24/2017 | 341/.0268 HAR | S3H-N-1432 | 02/24/2017 | 02/24/2017 | Book | |||||||||
| NUST Law School (NLS) | NUST Law School (NLS) | General Stacks | 02/24/2017 | 341/.0268 HAR | S3H-N-1431 | 02/24/2017 | 02/24/2017 | Book | |||||||||
| NUST Law School (NLS) | NUST Law School (NLS) | General Stacks | 02/24/2017 | 341/.0268 HAR | S3H-N-1428 | 02/24/2017 | 02/24/2017 | Book |
